[Event "GER North-chT U16"]
[Site "Magdeburg"]
[Date "2006.08.26"]
[Round "1.3"]
[White "Waskow, Ronny"]
[Black "Rickmann, David"]
[Result "0-1"]
[WhiteElo "1350"]
[BlackElo "1510"]
[PlyCount "96"]
[EventDate "2006.08.26"]
[EventType "team"]
[EventRounds "7"]
[EventCountry "GER"]
[SourceTitle "EXT 2007"]
[Source "ChessBase"]
[SourceDate "2006.11.23"]
[SourceVersion "1"]
[SourceVersionDate "2006.11.23"]
[SourceQuality "1"]

1. e4 d5 2. exd5 Qxd5 3. Nc3 Qa5 4. Nf3 Nf6 5. Bc4 c6 6. 0-0 Bg4 7. d3 e6 8. a3 Nbd7 9. h3 Bh5 10. Be3 Bd6 11. Ne4 Nxe4 12. dxe4 Qc7 13. Be2 Nf6 14. Nd2 Bg6 15. f3 Bh2+ 16. Kh1 Nh5 17. Bf2 Ng3+ 18. Bxg3 Bxg3 19. c3 Rd8 20. Qc2 0-0 21. Rfd1 Rd7 22. Nf1 Bd6 23. Ne3 Rfd8 24. Nc4 Bg3 25. b4 b5 26. Na5 Bf4 27. Nb3 Be3 28. Rd3 Rxd3 29. Bxd3 f6 30. Rd1 Be8 31. Qe2 Bf4 32. Nc5 Bf7 33. Bc2 Rxd1+ 34. Qxd1 Qd6 35. Qd3 Qxd3 36. Nxd3 Bd2 37. Nb2 Bxc3 38. Nd1 Bd4 39. Bb3 e5 40. Bxf7+ Kxf7 41. g4 c5 42. bxc5 Bxc5 43. Nc3 a6 44. a4 Bd4 45. axb5 Bxc3 46. b6 Bd4 47. b7 Ba7 48. Kg2 Ke7 0-1